000
003140000a22001450004500
005
20120302062408.0
942
_c
BOOK
245
_a
Pashwaalabha Meemaansaa
260
_a
Pune:Aanandashram,
300
_a
41p
040
_a
SAN
650
_a
Sanskrut
650
_a
Sankeerna
650
_a
Pashwaalabha Meemaansaa
999
_c
356588
_d
356585